History Quiz

Random History or Christmas Quiz

On This Day: Christmas Quiz Stats

Quiz not verified by Sporcle

Challenge
Share
Tweet
Embed
Score 0/20 Timer 05:00
0 Plays Today
% Correct
6 BC
79%
1991
78.7%
1776
77.5%
1862
70.8%
1642
65.9%
800
64.4%
1066
63.7%
1914
60.7%
1841
57.7%
2006
52.1%
% Correct
1962
50.2%
1954
46.4%
2000
39.7%
1946
33.7%
1949
33.3%
1924
31.1%
1976
27.7%
1918
25.5%
1941
20.2%
1925
18.4%

You're not logged in!

Compare scores with friends on all Sporcle quizzes.
Sign Up with Email
OR
Log In

You Might Also Like...

Show Comments

Extras

Top Quizzes Today


Score Distribution

Your Account Isn't Verified!

In order to create a playlist on Sporcle, you need to verify the email address you used during registration. Go to your Sporcle Settings to finish the process.